[Event "Unterfranken-ch M2 54th"]
[Site "Moembris"]
[Date "2003.04.26"]
[Round "9"]
[White "Glaser, Robert"]
[Black "Guensch, Hans Georg"]
[Result "1-0"]
[WhiteElo "1827"]
[BlackElo "1767"]
[PlyCount "131"]
[EventDate "2003.04.21"]
[EventType "swiss"]
[EventRounds "9"]
[EventCountry "GER"]
[SourceTitle "EXT 2015"]
[Source "ChessBase"]
[SourceDate "2014.11.20"]
[SourceVersion "1"]
[SourceVersionDate "2014.11.20"]
[SourceQuality "1"]

1. e4 e5 2. Nf3 Nc6 3. Bb5 a6 4. Ba4 Nf6 5. 0-0 b5 6. Bb3 Be7 7. d4 d6 8. dxe5 Nxe5 9. Nxe5 dxe5 10. Qe2 0-0 11. Nc3 c5 12. Rd1 Bd7 13. Bd5 Nxd5 14. Nxd5 Ra7 15. Be3 Bd6 16. b4 Bc6 17. bxc5 Bb8 18. Rd2 f5 19. f3 fxe4 20. fxe4 Raf7 21. Rad1 Qh4 22. Qd3 Rd7 23. Bf2 Qg4 24. Qe2 Qe6 25. Bh4 Ba7 26. Bf2 Rdf7 27. Be3 Rd7 28. Nc3 Rfd8 29. Rxd7 Rxd7 30. Rxd7 Qxd7 31. Qd3 Kf7 32. Qxd7+ Bxd7 33. Kf2 Bc6 34. Kf3 Ke6 35. a3 Bb8 36. g4 Bc7 37. Na2 Ba5 38. Nc1 b4 39. Bd2 b3 40. Nxb3 Bxd2 41. Nxd2 Ba4 42. Nb3 Kd7 43. Ke3 Kc6 44. Kd2 Bb5 45. Kc3 g5 46. Kb4 Be2 47. Na5+ Kc7 48. Nc4 Bxg4 49. Nxe5 Bd1 50. Nf7 Bxc2 51. Nxg5 h6 52. Nf7 Bxe4 53. Nxh6 Bd5 54. Nf5 Be6 55. Nd4 Bh3 56. Ka5 Kb7 57. a4 Bg4 58. h4 Bh5 59. c6+ Ka7 60. Kb4 Kb6 61. a5+ Kc7 62. Kc5 Bg4 63. Nc2 Bf3 64. Nb4 Be2 65. Nd5+ Kc8 66. Kb6 1-0

[Event "Unterfranken-ch M2 54th"]
[Site "Moembris"]
[Date "2003.04.24"]
[Round "6"]
[White "Kraus, Arnold"]
[Black "Glaser, Robert"]
[Result "1-0"]
[WhiteElo "1792"]
[BlackElo "1827"]
[PlyCount "75"]
[EventDate "2003.04.21"]
[EventType "swiss"]
[EventRounds "9"]
[EventCountry "GER"]
[SourceTitle "EXT 2015"]
[Source "ChessBase"]
[SourceDate "2014.11.20"]
[SourceVersion "1"]
[SourceVersionDate "2014.11.20"]
[SourceQuality "1"]

1. Nf3 d5 2. d4 Nf6 3. c4 c6 4. cxd5 cxd5 5. Nc3 Nc6 6. Bg5 e6 7. e3 a6 8. Rc1 Be7 9. Bd3 0-0 10. 0-0 Ne8 11. Bxe7 Qxe7 12. a3 f5 13. Bb1 Nd6 14. Nd2 g5 15. f3 Rf6 16. Qe1 Bd7 17. Qg3 Kh8 18. Na4 f4 19. Qf2 Nf5 20. Bxf5 Rxf5 21. e4 Rf7 22. Nb6 Rg8 23. exd5 exd5 24. Nxd5 Qd6 25. Nc3 Bf5 26. d5 Ne7 27. Qd4+ Rgg7 28. Nc4 Qh6 29. Ne5 Rf8 30. Ne4 Qh4 31. Rc7 g4 32. fxg4 Bxe4 33. Qxe4 Qf6 34. Nd7 Qd6 35. Nxf8 Qxc7 36. Ne6 Qb6+ 37. Kh1 Rf7 38. Qe5+ 1-0